00343nam a22001097a 4500020001800000082001000018100001300028245010600041260003300147300002100180880003200201 a9787544727761 a843.7 aStendhal aRed and black : ba new translation, backgrounds and sources, criticism (Chinese Edition) /cStendhal aChina :bYilin Press,c2012. a481 p. ;c23 cm. 6245-02\ra红色和黑色 /